| 000 | 02518cam a22005294i 4500 | ||
|---|---|---|---|
| 003 | PE-LiUPU | ||
| 005 | 20250731172944.0 | ||
| 008 | 150623s1996 miu rb 000 0 eng d | ||
| 020 | _a0310201543 | ||
| 035 | _a(Sirsi) i9780310201540 | ||
| 040 |
_aPE-LiUPU _bspa _cPE-LiUPU _erda |
||
| 049 | _aPRUA | ||
| 082 | 0 | 4 |
_a253 _bF57 _221 |
| 100 | 1 |
_aFisher, David, _d1943-, _eautor. |
|
| 245 | 1 | 4 |
_aThe 21st century pastor : _ba vision based on the ministry of Paul / _cDavid Fisher. |
| 264 | 1 |
_aMichigan : _bZondervan Publishing House, _c1996. |
|
| 300 |
_a252 páginas ; _c21 centímetros |
||
| 336 |
_atext _2rdacontent |
||
| 337 |
_aunmediated _2rdamedia |
||
| 338 |
_avolume _2rdacarrier |
||
| 504 | _aIncluye notas bibliográficas. | ||
| 505 | 0 | _aFour crucial questions for pastors: Who am I? The question of pastoral identity -- What's address? The significance of geography -- What time is it? The question of date -- Whose church is this? The question of ecclesiology -- A portrait of a pastor: Christ's prisoners: the pastor's call -- Jars of clay: the pastor's burden -- God's penmen: the pastor's impact -- Botg father and mother: the pastor's heart -- Farmers and builders: growing Christ's church. -Servans and stewards: the power of pastoral integrity -- Ambassador and preacher: the pastor's authority. | |
| 526 | _aSEG42 | ||
| 526 | _aSEG41 | ||
| 526 | _aSEG40 | ||
| 526 | _aSEG39 | ||
| 526 | _aP94 | ||
| 526 | _aP87 | ||
| 526 | _aP86 | ||
| 526 | _aP85 | ||
| 526 | _aP77 | ||
| 526 | _aP76 | ||
| 526 | _aP35 | ||
| 630 |
_aBiblia. _pN.T. _pEpístolas de Pablo _xTeología. |
||
| 650 | 0 | 4 |
_aCristianismo _zEstados Unidos _xPredicción. |
| 650 | 0 | 4 |
_aTeológía pastoral _xEnseñanza Bíblica. |
| 650 | 0 | 4 |
_aTeología pastoral. _91381 |
| 942 |
_2ddc _cBOOK |
||
| 949 |
_a253 F57 _wDEWEY _c1 _i44699 _lCCODEBUL1 _mBUL _r0 _sY _tBOOK _u2015-6-24 _xTEOLOGIA _PP35 _0COMPRA _o.STAFF. Colección General |
||
| 949 |
_a253 F57 _wDEWEY _c2 _i50639 _lCCODEBUL1 _mBUL _r0 _sY _tBOOK _u2015-6-24 _xTEOLOGIA _PP35 _0COMPRA _o.STAFF. Colección General |
||
| 994 |
_aC0 _bPEPRU |
||
| 596 | _a1 | ||
| 999 |
_a253 F57 _wDEWEY _c21563 _i44699 _f2021-11-12 _g5 _lCCODEBUL1 _mBUL _p8.44 _r0 _sY _tBOOK _u2015-6-24 _xTEOLOGIA _PP35 _0COMPRA _o.STAFF. Colección Teología _d21563 |
||
| 999 |
_a253 F57 _wDEWEY _c2 _i50639 _f2021-11-12 _g5 _lCCODEBUL1 _mBUL _p8.44 _r0 _sY _tBOOK _u2015-6-24 _xTEOLOGIA _PP35 _0COMPRA _o.STAFF. Colección Teología |
||
| 980 |
_81 _gALBERTO SANCHEZ Responsable de Automatización |
||